Ładuje się......
The Cambridge introduction to the short story in English /
| 1. autor: | |
|---|---|
| Format: | Printed Book |
| Język: | English |
| Wydane: |
Cambridge ; New York :
Cambridge University Press,
2007.
|
| Hasła przedmiotowe: | |
| Dostęp online: | http://www.loc.gov/catdir/enhancements/fy0808/2008296001-t.html http://www.loc.gov/catdir/enhancements/fy0808/2008296001-b.html http://www.loc.gov/catdir/enhancements/fy0808/2008296001-d.html |
| LEADER | 01351cam a2200277 a 4500 | ||
|---|---|---|---|
| 008 | 080104s2007 enk b 001 0 eng d | ||
| 010 | |a 2008296001 | ||
| 015 | |a GBA763848 |2 bnb | ||
| 016 | 7 | |a 013817867 |2 Uk | |
| 020 | |a 9780521734417 | ||
| 082 | 0 | 4 | |a 823.0109 HUN/C |2 22 |
| 100 | 1 | |a Hunter, Adrian, | |
| 245 | 1 | 4 | |a The Cambridge introduction to the short story in English / |c Adrian Hunter. |
| 260 | |a Cambridge ; |a New York : |b Cambridge University Press, |c 2007. | ||
| 300 | |a vii, 202 p. ; |c 23 cm. | ||
| 504 | |a Includes bibliographical references (p. 188-196) and index. | ||
| 650 | 0 | |a Short stories, English |x History and criticism. | |
| 650 | 0 | |a Short stories, English |z English-speaking countries |x History and criticism. | |
| 856 | 4 | 1 | |u http://www.loc.gov/catdir/enhancements/fy0808/2008296001-t.html |
| 856 | 4 | 2 | |u http://www.loc.gov/catdir/enhancements/fy0808/2008296001-b.html |
| 856 | 4 | 2 | |u http://www.loc.gov/catdir/enhancements/fy0808/2008296001-d.html |
| 906 | |a 7 |b cbc |c copycat |d 2 |e ncip |f 20 |g y-gencatlg | ||
| 942 | |c BK | ||
| 955 | |a ps09 2008-01-04 z-processor to HLCD |a lh00 2008-01-09 |c lh36 2008-01-14 |a ld08 2008-02-04 copy 2 added |a lf27 2008-03-05 cp. 3 to discard | ||
| 999 | |c 200828 |d 200828 | ||
| 952 | |0 0 |1 0 |4 0 |6 823_010900000000000_HUN_C |7 0 |9 222285 |a ENG |b ENG |c ST1 |d 2017-06-06 |i 18015 |l 0 |o 823.0109 HUN/C |p ENG18015 |r 2017-06-06 |w 2017-06-06 |y BK | ||